00552nam a22001577a 4500010001500000020003100015035001400046037001300060082001100073100001900084245006400103260004000167270012800207300002000335500003900355 aENG-126188 a978-93-8212-771-0c2495.00 aEN-109720 bDBAD/PUB a543.08 aAhluwalia V.K. aInstrumental Method of Chemical Analysis/cby V.K.Ahluwalia aNew DelhibAne Books Pvt.Ltd.c2017 a4821,Parwana Bhawan 1st Floor 24 Ansari Road, Darya GanjbNew Delhi e110002k+91(011)23276843,2814209manebookschennai.com a592p.b24cm(hb) ait Includes Index and Bibliography